000 00515nam a2200205Ia 4500
008 180523s9999 xx 000 0 und d
020 _a0-07-136434-X
050 _aMAIN HF 5438.4
050 _b.C35 2001
100 _aCalvin, Robert J.
245 0 _aSales management /
245 0 _cRobert J. Calvin.
260 _aNew York :
260 _bMcGraw-Hill,
260 _c2003
300 _a253 pages :
300 _c22 cm.
440 _aThe McGraw-Hill Executive MBA Series
650 _aSales management.
999 _c357116
_d357116